| 000 | 00853nam a22002297a 4500 | ||
|---|---|---|---|
| 999 |
_c4293 _d4293 |
||
| 003 | AR-CdUCM | ||
| 008 | 190308b ||||| |||| 00| 0 spa d | ||
| 040 |
_aMUNICIPALIDAD PROVINCIAL DEL CUSCO _cBIBLIOTECA MUNICIPAL DEL CUSCO |
||
| 082 |
_a869.56 / _bB41 |
||
| 100 |
_aBelli, Carlos Germán _98779 |
||
| 245 | _aCanciones y otros poemas / | ||
| 260 |
_aTrujillo : _bMunicipalidad Provincial de Trujillo : Casa del Artista, _c1992. |
||
| 300 |
_axiv, 69 páginas ; _c20 cm. |
||
| 440 |
_aHomenaje al centenario de César Vallejo _n14-15 _913569 |
||
| 500 | _a"Municipalidad Provincial de Trujillo, Casa del Artista, 16 de marzo 1892-1992" | ||
| 650 |
_aPoesía peruna _913570 |
||
| 650 |
_aCesar Vallejo _911461 |
||
| 650 |
_aJosé María Eguren _913571 |
||
| 710 |
_aCasa del Artista (Trujillo) _913572 |
||
| 942 |
_2ddc _cLIBROS |
||
| 945 | _araen | ||